[Event "EU-Cup 24th"]
[Site "Kallithea"]
[Date "2008.10.20"]
[Round "4"]
[White "Sabo Benke, Daniel"]
[Black "Gilbert, Colin"]
[Result "1/2-1/2"]
[WhiteElo "1947"]
[BlackElo "1865"]
[PlyCount "81"]
[EventDate "2008.10.17"]
[EventType "team-swiss"]
[EventRounds "7"]
[EventCountry "GRE"]
[SourceTitle "CBM 127"]
[Source "ChessBase"]
[SourceDate "2008.11.13"]
[SourceVersion "1"]
[SourceVersionDate "2008.11.13"]
[SourceQuality "1"]
[WhiteTeam "Monaco"]
[BlackTeam "Cwmbran"]
[WhiteTeamCountry "MNC"]
[BlackTeamCountry "WLS"]

1. e4 c5 2. Nf3 d6 3. d4 cxd4 4. Nxd4 Nf6 5. Nc3 g6 6. Be3 Bg7 7. f3 0-0 8. Qd2 Nc6 9. Bc4 Bd7 10. 0-0-0 Rc8 11. Bb3 Ne5 12. Bh6 Nc4 13. Bxc4 Rxc4 14. Bxg7 Kxg7 15. g4 Qa5 16. h4 h5 17. gxh5 Nxh5 18. Rhg1 Rxc3 19. Qxc3 Qxc3 20. bxc3 Nf4 21. Rd2 Rc8 22. Kb2 Kf6 23. Rh2 Rh8 24. Rgh1 Rh5 25. c4 Rc5 26. Kb3 Ke5 27. Rd2 Ra5 28. Kb2 Rc5 29. Ne2 Rxc4 30. Nxf4 Kxf4 31. h5 gxh5 32. Rxh5 Kxf3 33. e5 Bg4 34. exd6 exd6 35. Rh7 Be6 36. Rxd6 Ra4 37. a3 Re4 38. Rh6 Re5 39. Rf6+ Ke4 40. Rd1 Rb5+ 41. Kc1 1/2-1/2

[Event "FRA-ch U10"]
[Site "Hyeres"]
[Date "2002.??.??"]
[Round "2.10"]
[White "Zhou Yu, Quing"]
[Black "Sabo Benke, Daniel"]
[Result "0-1"]
[WhiteElo "1550"]
[BlackElo "1390"]
[PlyCount "50"]
[EventDate "2002.04.05"]
[EventType "swiss"]
[EventRounds "9"]
[EventCountry "FRA"]
[SourceTitle "EXT 2003"]
[Source "ChessBase"]
[SourceDate "2002.11.25"]
[SourceVersion "1"]
[SourceVersionDate "2002.11.25"]
[SourceQuality "1"]

1. e4 e5 2. Nf3 Nf6 3. Nxe5 d6 4. Nf3 Nxe4 5. d4 d5 6. Bd3 Bd6 7. 0-0 0-0 8. Re1 Bd7 9. Bxe4 dxe4 10. Rxe4 Nc6 11. Re1 Bg4 12. Be3 f5 13. c3 Re8 14. h3 Bh5 15. Qb3+ Bf7 16. Qc2 Bg6 17. Qc1 Rf8 18. Bf4 Bh5 19. Bxd6 Qxd6 20. Nbd2 f4 21. Nc4 Qg6 22. Nh4 Qg5 23. g4 Qxh4 24. gxh5 f3 25. Kh2 Qxf2+ 0-1